The Saskatoon City Quiz - Statistics

General Stats
  • This quiz has been taken 29 times
  • The average score is 6 of 15
Answer Stats
Hint Answer % Correct
Country the city is in Canada
96%
Saskatoon is the largest city of the province Saskatchewan
96%
River the city is on South Saskatchewan River
70%
Berries on the flag Saskatoon berries
57%
Ice hockey team Saskatoon Blades
52%
Person in the airport’s name John G. Diefenbaker
43%
2,859km long highway Saskatoon is located on Yellowhead Highway
39%
Neighbourhood where the first permanent settlement was located Nutana
35%
Year when those neighbourhoods joined Saskatoon 1906
26%
Other neighbourhood that became part of Saskatoon in the first expansion Riversdale
17%
Street which is Saskatoon’s main commercial corridor and the old main street 20th Street
13%
Transitional biome between prairie and boreal forest where Saskatoon is Aspen parkland
9%
Words on the flag Commerce, Industry, {Education}
9%
Body of water ‘slough’ that covered the northern end of the city at one point Hudson Bay Slough
0%
Settlers led by this person established the first permanent settlement on what is now Saskatoon John Neilson Lake
0%
No matching quizzes found
Score Distribution
Percent of People with Each Score
Percentile by Number Answered
Your Score History
You have not taken this quiz